000 00453nam a2200145 i 4500
001 141531
003 ES-MaACL
007 t|
008 070925s1930 sp ||||1| spa d
100 1 _aVoivenel, Paul.
_9115684
245 1 3 _aLa castidad perversa
_b: transtornos, aberraciones, crímenes y peligros de la castidad /
_cPaul Voivenel.
260 _aMadrid :
_b[s.n.],
_c1930 (
_fImpr. Argis)
300 _a272 p. ;
_c19 cm.
852 _aES-MaACL
_jB-3664
999 _c141531
_d141531